000 00459ntaaa2200169 4500
003 01
005 20251027203007.0
008 0714s1973 ag 01
040 _aAR-BaBN
_bspa
_cAR-BaBN
_eaacr
_dRIC
100 _aGidekel, Saul
_930971
245 _aFlecha al cielo /
_cSaul Gidekel
260 _aBuenos Aires :
_bEdit. Candelabro,
_cc1953
300 _a401 p.
500 _aBAJA PATRIMONIAL POR OBSOLESCENCIA 20180814
650 _aNovela
_96781
942 _cBK
999 _c25364
_d25364